000 00520nam a2200181 i 4500
001 85987
003 ES-MaACL
005 20230906175342.0
007 t|
008 041203s1981 sp ||||1| spa d
100 1 _aKemp, Tom.
_967808
245 1 0 _aModelos históricos de industrialización /
_cTom Kemp ; [traducido por Pere Gómez].
250 _a[1ª ed.].
260 _aBarcelona :
_b[Fontanella,
_c1981]
300 _a253 p. ;
_c21 cm.
700 1 _aGómez, Pere.
_957792
852 _aES-MaACL
_jL-2825
_bR.103018
999 _c85987
_d85987